1995 1495 1012 1020 1634 1463 1052 1025 1026 1583 1565 1918 1201 1464 1940 1699 1736 1085 1873 1163 1671 1976 1903 1270 1582 1527 1900 1186 1468 1332 1075 1342 1225 1559 1534 1604 1349 1928 1580 1179 1050 1309 1151 1050 1146 1028 1415 1031 1799 1739 1312 1538 1921 1913 1664 1663 1800 1665 1467 1571 1099 1835 1970 1155 1456 1102 1235 1430 1106 1658 1435 1485 1291 1185 1867 1371 1355 1480 1071 1094 1528 1296 1837 1921 1069 1714 1898 1740 1349 1948 1682 1181 1524 1362 1296 1123 1653 1589 1146 BCNSPRNW ULIB Ver.6.0+V

เปลี่ยนเป็นภาษาไทย

Change to English
 แสดงรายละเอียดบรรณานุกรม
  กลับหน้าหลัก

Brief Record : Get Marc (ISO 2709) : E-mail record : QR code < ปิดหน้าต่าง
LEADER : 00000nam 2200000uu 4500
001    13399124111
003     ULIB
008    150118s2556||||th 000 0 tha d
020    ^a9786165516938
060  4 ^aWS200^bพ791
110 1  ^aจุฬาลงกรณ์มหาวิทยาลัย.^bคณะแพทยศาสตร์.^bภาควิชากุมารเวชศาสตร์
245 00 ^aPediatric practice : Knowledge Sharing for Best Quality Care /^cนวลจันทร์ปราบพาล ... [และคนอื่น ๆ] บรรณาธิการ
250    ^aพิมพ์ครั้งที่ 1
260    ^aกรุงเทพฯ :^bภาควิชากุมารเวชศาสตร์ คณะแพทยศาสตร์จุฬาลงกรณ์มหาวิทยาลัย,^c2556
300    ^aix, 298 หน้า :^bภาพประกอบ
500    ^aเอกสารประกอบการอบรมระยะสั้นของภาควิชากุมารเวชศาสตร์ คณะแพทยศาสตร์จุฬาลงกรณ์มหาวิทยาลัย
505 0  ^a^tRespiratory distress in children --^trespiratory distress in children: how to approach to a child with stridor --^tprimary hypothyroidism --^tmanagemnet of hyperthyroidism from infancy through puberty --^tgrowth and puberty --^tvomiting --^trectal bleeding --^tการแพทย์เฉพาะบุคคล --^tbest practica in PICU
505 0  ^a--^tsmart interpertation of blood smear, bone marrow and hematology laboratory results --^tmyocarditis --^tgenetics in pediatric practice --^tskin signs in systemic disease: systemic lupus erythematosus, juvenile dermatomyositis --^tskin signs in nutritional deficiencies --^tskin signs in systemic disease: kawasaki disease --^tevaluation of hypertension in children and adolescents --^tการดูแลรักษาผู้ป่วยเด็กความดันโลหิตสูง --^thypertensive crisis --^tall about hair non-scarring alopecia
505 0  ^a--^tscarring alopecia --^ttinea capitis --^tpediatric palliative care: a modern path of life-limiting illness --^tacute liver failure in children --^tclinical approach to muscle weakness in children --^tmedia effects on children: pros and cons --^tallergic diseases: where are we non? --^tpediatric headache --^tนวัตกรรมการวินิจฉัยโรคกรดไหลย้อน
650  7 ^aเด็ก,โรค^bการรักษา
650  7 ^aเด็ก,โรค^bการวินิจฉัย
650  7 ^aกุมารเวชศาสตร์
700 0  ^aนวลจันทร์ ปราบพาล,^eบรรณาธิการ
700 0  ^aศิริวรรณ วนานุกูล,^eบรรณาธิการ
700 0  ^aสุชาดา ศรีทิพยวรรณ,^eบรรณาธิการ
700 0  ^aสุชีรา ฉัตรเพริดพราย,^eบรรณาธิการ
945    ^p0^l0^i038391
945    ^p0^l0^i038392
945    ^p0^l0^i038393
945    ^p0^l0^i038394
945    ^p0^l0^i038395
945    ^p0^l0^i038396
945    ^p0^l0^i038397
999    ^aกมลทิพย์ ธนสารสุธี
รายการนี้ยังไม่มีแท็ก
คุณยังไม่ได้ล็อกอิน คุณสามารถมีกิจกรรมร่วมกับเว็บไซต์ได้ แต่ต้องล็อกอินก่อน ::
  ล็อกอิน

รายการสื่อสารสนเทศ

ลำดับที่ ประเภท เลขเรียก/บาร์โค้ด สถานที่ สถานะ
1. วิทยาศาสตร์การแพทย์ และสุขภาพ
หนังสือสำรอง
สถานะ=หนังสือสำรอง
WS200 พ791 ฉ.1 
  Barcode: 038391
ห้องสมุดวิทยาเขตสวรรค์ประชารักษ์
►ส่วนจัดเก็บหนังสือเก่า สปร
บนชั้น
  ขอยืม
2. วิทยาศาสตร์การแพทย์ และสุขภาพ
วิทยาศาสตร์การแพทย์ และสุขภาพ
WS200 พ791 ฉ.2 
  Barcode: 038392
ห้องสมุดวิทยาเขตสวรรค์ประชารักษ์
►ส่วนจัดเก็บหนังสือเก่า สปร
บนชั้น
  ขอยืม
3. วิทยาศาสตร์การแพทย์ และสุขภาพ
วิทยาศาสตร์การแพทย์ และสุขภาพ
WS200 พ791 ฉ.3 
  Barcode: 038393
ห้องสมุดวิทยาเขตสวรรค์ประชารักษ์
►ส่วนจัดเก็บหนังสือเก่า สปร
บนชั้น
  ขอยืม
4. วิทยาศาสตร์การแพทย์ และสุขภาพ
วิทยาศาสตร์การแพทย์ และสุขภาพ
WS200 พ791 ฉ.4 
  Barcode: 038394
ห้องสมุดวิทยาเขตสวรรค์ประชารักษ์
►ส่วนจัดเก็บหนังสือเก่า สปร
บนชั้น
  ขอยืม
5. วิทยาศาสตร์การแพทย์ และสุขภาพ
วิทยาศาสตร์การแพทย์ และสุขภาพ
WS200 พ791 ฉ.5 
  Barcode: 038395
ห้องสมุดวิทยาเขตสวรรค์ประชารักษ์
►ส่วนจัดเก็บหนังสือเก่า สปร
บนชั้น
  ขอยืม
6. วิทยาศาสตร์การแพทย์ และสุขภาพ
วิทยาศาสตร์การแพทย์ และสุขภาพ
WS200 พ791 ฉ.6 
  Barcode: 038396
ห้องสมุดวิทยาเขตสวรรค์ประชารักษ์
►ส่วนจัดเก็บหนังสือเก่า สปร
บนชั้น
  ขอยืม
7. วิทยาศาสตร์การแพทย์ และสุขภาพ
วิทยาศาสตร์การแพทย์ และสุขภาพ
WS200 พ791 ฉ.7 
  Barcode: 038397
ห้องสมุดวิทยาเขตสวรรค์ประชารักษ์
►ส่วนจัดเก็บหนังสือเก่า สปร
บนชั้น
  ขอยืม

รายการใกล้เคียง
    หัวเรื่อง [กุมารเวชศาสตร์]

BibComment


ยังไม่เคยถูกคอมเมนท์

คอมเมนท์ทรัพยากรรายการนี้
  คอมเมนท์: Pediatric practi..


 Copyright 2026. Bcnsprnw @Library